América Latina y la segunda administración Bush: un debate sobre migración
Saved in:
| Main Authors: | , |
|---|---|
| Format: | Bog |
| Sprog: | spansk engelsk |
| Udgivet: |
San José
Juricentro
2008
San José FLACSO 2008 |
| Udgivelse: | 1a. ed |
| Fag: | |
| Tags: |
Tilføj Tag
Ingen Tags, Vær først til at tagge denne postø!
|
MARC
| LEADER | 00000nam a2200000 a 4500 | ||
|---|---|---|---|
| 001 | UCG5519 | ||
| 003 | CL-VaPUC | ||
| 008 | 110310e20080000cr |||||||||||||||||spa|d | ||
| 020 | |a 9789977681658 | ||
| 041 | 0 | 7 | |a spa |2 CL-VaPUC |
| 041 | 0 | 7 | |a eng |2 CL-VaPUC |
| 082 | 0 | 4 | |a 304.8 |b HER |2 21 |
| 100 | |a Hernández Milián, Jairo |e author |9 555243 | ||
| 700 | 0 | |a Lizano Picado, Ana Cristina |e author |9 555241 | |
| 245 | 1 | 0 | |a América Latina y la segunda administración Bush: un debate sobre migración |
| 250 | |a 1a. ed | ||
| 300 | |a 140 p | ||
| 942 | |c BK | ||
| 945 | |d 20110310 00:00:00 |a dcastane | ||
| 260 | |a San José |b Juricentro |c 2008 | ||
| 260 | |a San José |b FLACSO |c 2008 | ||
| 650 | 0 | |a Migración |9 331531 | |
| 650 | 0 | |a Inmigrantes |9 317882 | |
| 650 | 7 | |a POLITICA Y ESTADO |2 CL-VaPUC |9 555242 | |
| 651 | 7 | |a AMERICA DEL NORTE |2 CL-VaPUC |9 311278 | |
| 651 | 0 | |a América Latina |9 255027 | |
| 583 | |a last modification |c 20171116 04:24:31 |k Rodrigo Vera | ||
| 999 | |c 343996 |d 343994 | ||